000 00275nam a22001097a 4500
003 OSt
008 250128b |||||||| |||| 00| 0 eng d
041 _aeng
245 _aAgricultural Development in Developing Countries:
_bComparative Experience
260 _c1972.
942 _cBK
999 _c19163
_d19163